|
|
|
|
| LEADER |
01041nam a2200337 4500 |
| 001 |
DLU090094054 |
| 005 |
##20091201 |
| 040 |
# |
# |
|a DLU
|b eng
|
| 041 |
# |
# |
|a eng
|
| 044 |
# |
# |
|a us
|
| 245 |
# |
# |
|a Time trends of selected persistent organic pollutants in lake sediments from greenland /
|c Carola Malmquist ... [et al.].
|
| 653 |
# |
# |
|a Lake sediments
|
| 653 |
# |
# |
|a Persistent organic pollutant
|
| 653 |
# |
# |
|a Pesticides
|
| 653 |
# |
# |
|a Pollution
|
| 700 |
# |
# |
|a Anderson, N. John.
|
| 700 |
# |
# |
|a Bavel, Ingemar RenbergBert van.
|
| 700 |
# |
# |
|a Bindler, Richard.
|
| 700 |
# |
# |
|a Karlsson, Edvard.
|
| 700 |
# |
# |
|a Malmquist, Carola.
|
| 700 |
# |
# |
|a Tysklind, Mats.
|
| 773 |
# |
# |
|t Environmental Science & Technology
|g Vol. 37, no. 19 (October 2003), p. 4319-4324
|
| 920 |
# |
# |
|a Phòng Tạp chí -- Trung tâm Thông tin - Thư viện Trường Đại học Đà Lạt
|
| 994 |
# |
# |
|a DLU
|
| 900 |
# |
# |
|a True
|
| 911 |
# |
# |
|a Trương Bảo Trâm Anh
|
| 925 |
# |
# |
|a G
|
| 926 |
# |
# |
|a A
|
| 927 |
# |
# |
|a BB
|
| 980 |
# |
# |
|a Thư viện Trường Đại học Đà Lạt
|